000
00227nam a2200097Ia 4500
001
691948
005
20250826161845.0
008
250824s9999 xx 000 0 und d
245
0
_a
İNSAN NE İLE YAŞAR
_c
TOLSTOY
260
_b
ŞULE
999
_c
691948
_d
691948